Spatial development planning : a dynamic convex programming approach /

Guardado en:
Autor Principal: Fujita, Masahisa.
Formato: Libro
Idioma:English
Publicado: Amsterdam : New York : North-Holland Pub. Co. ; distributors for the U.S. and Canada, Elsevier North-Holland, 1978.
Series:Studies in regional science and urban economics ; v. 2
Materias:
Etiquetas: Agregar Etiqueta
Sin Etiquetas, Sea el primero en etiquetar este registro!
LEADER 00941pam a2200241 a 4500
001 EEO.eeo001064
008 780526s1978####ne#a###g#b####001#0#eng##
005 20101227112425.0
245 1 0 |a Spatial development planning :  |b a dynamic convex programming approach /  |c Masahisa Fujita. 
260 |a Amsterdam :  |b North-Holland Pub. Co. ;  |a New York :  |b distributors for the U.S. and Canada, Elsevier North-Holland,  |c 1978. 
300 |a xvi, 335 p. :  |b il. ;  |c 25 cm. 
440 0 |a Studies in regional science and urban economics ;  |v v. 2 
504 |a Incluye referencias bibliográficas (p. [327]-329) e índice. 
020 |a 0444851577 
100 1 |a Fujita, Masahisa. 
082 0 0 |a 309.2/5/0151 
650 7 |a Programación dinámica.  |2 Isoc 
650 7 |a Microeconomía.  |2 Isoc 
650 7 |a Optimización.  |2 Isoc 
010 |a  78019135  
040 |a DLC  |c DLC  |d DLC 
050 0 0 |a HT391  |b .F77 
859 |a AR-BaUEB  |b BIB. ECONOMIA - General  |h 338.9  |i F955  |p e04576